Detalles MARC
| 000 -LIDER |
| fixed length control field |
01046nam a2200337 a 4500 |
| 001 - NÚMERO DE CONTROL |
| Identificador de número de control |
000044470 |
| 003 - IDENTIFICACDOR DE NÚMERO DE CONTROL |
| control field |
DO-SdBPM |
| 005 - DATE AND TIME OF LATEST TRANSACTION |
| control field |
20250117113008.0 |
| 007 - CAMPOS FIJOS DE DESCRIPCIÓN FÍSICA |
| fixed length control field |
000044470 |
| 008 - ELEMENTOS DE LONGITUD FIJA |
| fixed length control field |
140702s2002 dr a 000 0 spa d |
| 020 ## - ISBN |
| Canceled/invalid ISBN |
9993455164 |
| 040 ## - FUENTE DE CATALOGACIÓN |
| Agencia que crea de manera original el registro |
DO-SdBPM |
| Idioma de catalogación |
spa |
| Agencia que realiza la transcripción |
BPMSU |
| 082 #4 - NÚMERO DE CLASIFICACIÓN DECIMAL DE DEWEY |
| Classification number |
RD863.44 |
| Item number |
M671c |
| Edition number |
22 |
| 092 ## - LOCALLY ASSIGNED DEWEY DECIMAL CALL NUMBER |
| Número de clasificación |
|
| Número de ítem (Cutter) |
|
| 100 1# - ASIENTO PRINCIPAL -- NOMBRE PERSONAL |
| Nombre personal |
Mir, Pedro, |
| Fechas asociadas con el nombre |
1913-2000. |
| 245 13 - MENCIÓN DE TITULO |
| Título |
El caballito de los siete colores / |
| Mención de responsabilidad |
Pedro Mir ; ilustraciones Ohanda Coste Abreu. |
| 260 ## - PUBLICACIÓN, DISTRIBUCIÓN, ETC. (PIE DE IMPRENTA) |
| Lugar de publicación, distribución, etc |
Santo Domingo : |
| Nombre del editor, distribuidor, etc. |
EDUCARTE, |
| Fecha de publicación, distribución, etc |
200-?] |
| 300 ## - DESCRIPCIÓN FÍSICA |
| Extensión |
32 p. : |
| Otros detalles físicos |
il. ; |
| Dimensiones |
28 cm. |
| 490 0# - MENCIÓN DE SERIES |
| Mención de serie |
Infantil Educarte, |
| Volume/sequential designation |
2 |
| 590 ## - NOTA LOCAL |
| Texto de la nota local |
Inventariado, 2025/VM |
| 650 #4 - ENCABEZAMIENTO DE MATERIA--TEMÁTICO |
| Término temático o nombre geográfico como elemento de entrada |
Cuentos infantiles dominicanos |
| 700 1# - ASIENTO SECUNDARIO -- NOMBRE PERSONAL |
| Nombre personal |
Coste Abreu, Ohanda |
| Mención de responsabilidad |
ilustraciones |
| 710 2# - ASIENTO SECUNDARIO -- NOMBRE CORPORATIVO |
| Nombre corporativo o de jurisdicción |
Fundación para la Educación y el Arte (EDUCARTE) |
| 910 ## - VALIDACIÓN |
| Validación |
VMateo V. Control de calidad. BPMSU |
| 930 #1 - EQUIVALENCE OR CROSS-REFERENCE-UNIFORM TITLE HEADING [LOCAL, CANADA] |
| Language of a work |
|
| Medium of performance for music |
|
| Field link and sequence number |
|
| Date of a work |
|
| Name of part/section of a work |
|
| Miscellaneous information |
|
| 930 #1 - EQUIVALENCE OR CROSS-REFERENCE-UNIFORM TITLE HEADING [LOCAL, CANADA] |
| Language of a work |
|
| Medium of performance for music |
|
| Field link and sequence number |
|
| Date of a work |
|
| Name of part/section of a work |
|
| Miscellaneous information |
|
| Medium |
|
| 942 ## - ADDED ENTRY ELEMENTS (KOHA) |
| Source of classification or shelving scheme |
Dewey Decimal Classification |
| Koha item type |
Libros |
| 956 ## - LOCAL ELECTRONIC LOCATION AND ACCESS (OCLC) |
| Nombre de host |
|
| Número de acceso |
|
| Información de compresión |
|
| Inicio de sesión |
|
| Procesador de solicitud |
|
| 956 ## - LOCAL ELECTRONIC LOCATION AND ACCESS (OCLC) |
| Nombre de host |
|
| Número de acceso |
|
| Información de compresión |
|
| Inicio de sesión |
|
| Procesador de solicitud |
|
| 956 ## - LOCAL ELECTRONIC LOCATION AND ACCESS (OCLC) |
| Nombre de host |
VMATEO |
| Número de acceso |
10 |
| Información de compresión |
20140702 |
| Inicio de sesión |
BPMSU |
| Procesador de solicitud |
0069 |